Provinces of South Africa by borders - Statistics

General Stats
  • This quiz has been taken 52 times
  • The average score is 8 of 9
Answers on the Map
Answers color-coded by a green-red scale on the quiz's map according to % correct below.
 
Answer Stats
Provinces % Correct
Free State
100%
Eastern Cape
95%
Mpumalanga
95%
Northern Cape
90%
Gauteng
86%
KwaZulu-Natal
86%
North West
76%
Western Cape
76%
Limpopo
71%
No matching quizzes found
Score Distribution
Percent of People with Each Score
Percentile by Number Answered
Your Score History
You have not taken this quiz